Mort Subite - Kpop Maknae - Statistiques

Statistiques générales
  • Ce quiz a été pris 1 475 fois
    962 depuis la dernière actualisation
  • Le résultat moyen est 6 sur 18
Answers on the Grid
Answers color-coded by a green-red scale on the quiz's grid according to % correct below.
Jiwoo - Kard
I.N - Stray Kids
Jongho - Ateez
Jungkook - BTS
Hwasa - Mamamoo
Jiwoo - Nmixx
Yugyeom - GOT7
Jisoo - Blackpink
Soul - P1harmony
Yuqi - I-dle
Chiquita - Babymonster
Hyein - NewJeans/NJZ
Gyuvin - ZeroBaseOne
Beomgyu - TXT
Tzuyu - Twice
Ningning - Aespa
Haruto - Treasure
Leeseo - Ive
Eunchae - Le Sserafim
Yechan - Xikers
Dino - Seventeen
Seulgi - Red Velvet
Jieun - Young Posse
J - STAYC
Lia - Itzy
Wonbin - Riize
Jungwon - Enhypen
Hanjin - TWS
Xion - Oneus
Yiren - Everglow
Kai - Exo
Q - The Boyz
 
Statistiques - réponses
Réponse % Correct
I.N - Stray Kids
62%
Jungkook - BTS
62%
Eunchae - Le Sserafim
50%
Ningning - Aespa
49%
Tzuyu - Twice
49%
Jongho - Ateez
40%
Chiquita - Babymonster
38%
Leeseo - Ive
38%
Dino - Seventeen
37%
Hyein - NewJeans/NJZ
33%
Hwasa - Mamamoo
25%
Yugyeom - GOT7
22%
Jiwoo - Kard
14%
Yiren - Everglow
14%
J - STAYC
13%
Yechan - Xikers
11%
Jieun - Young Posse
7%
Xion - Oneus
7%
Aucun quiz correspondant
Distribution des résultats
% des personnes avec chaque résultat
Percentile par nombre de réponses
Votre historique - résultats
Vous n’avez pas pris ce quiz depuis la dernière actualisation